Normal view
MARC view
- Tajalliyat-E- Nabuwat
Entry Topical Term
001 - CONTROL NUMBER
- control field: 125853
003 - CONTROL NUMBER IDENTIFIER
- control field: NUST
005 - DATE AND TIME OF LATEST TRANSACTION
- control field: 20240912152451.0
008 - FIXED-LENGTH DATA ELEMENTS
- fixed length control field: 240912|| aca||aabn | a|a d
040 ## - CATALOGING SOURCE
- Original cataloging agency: NUST
- Transcribing agency: NUST
150 ## - HEADING--TOPICAL TERM
- Topical term or geographic name entry element: Tajalliyat-E- Nabuwat
670 ## - SOURCE DATA FOUND
- Source citation: Work cat.: (NUST): Maulana Safi Ur Rehman Mubarakpuri 125852, Tajalliyat-E- Nabuwat, 1997.
